Integration and Probability

Αποθηκεύτηκε σε:
Λεπτομέρειες βιβλιογραφικής εγγραφής
Κύριος συγγραφέας: Malliavin, Paul 1925-
Μορφή: Βιβλίο
Γλώσσα:English
Δημοσίευση: New York : Springer-Verlag, c1995
Σειρά:Graduate texts in mathematics ; ; v.157
Θέματα:
Ετικέτες: Προσθήκη ετικέτας
Δεν υπάρχουν, Καταχωρήστε ετικέτα πρώτοι!

MARC

LEADER 00000nam a2200000 i 4500
001 1/53379
008 951026s1995 eng d
020 |a 0-387-94409-5 
035 |1 ΕΛΗ  |a 1995  |b 2410  |c ΧΑΤΖΗΣΑΒΒΑΣ  |l 10044691 
040 |a GR-MY-UA  |b gre  |e aacr 
041 0 |a eng 
082 0 |a 515.4 
100 1 |a Malliavin, Paul  |d 1925- 
245 1 0 |a Integration and Probability /  |c Paul Malliavin, in cooperation with Helene Airault, Leslie Kay, Gerard Letac 
260 |a New York :   |b Springer-Verlag,   |c c1995 
300 |a xxi, 322 p.;  |c 25 cm. 
490 1 |a Graduate texts in mathematics  |v ; v.157 
504 |a Includes index 
650 0 0 |a Calculus, Integral. 
650 0 0 |a Spectral theory (Mathematics) 
650 0 0 |a Fourier analysis. 
830 0 |a Graduate texts in mathematics ;  |v ; v.157 
852 |a INST  |b SAMOS  |e 19951026  |h 515.4 MAL  |p 005300012041  |q 005300012041  |t BK  |y 23 
852 |a INST  |b SAMOS  |e 20001218  |h 515.4 MAL  |p 005300018294  |q 005300018294  |t BK  |y 0 
852 |a INST  |b SAMOS  |e 20001218  |h 515.4 MAL  |p 005300018295  |q 005300018295  |t BK  |y 0 
852 |a INST  |b SAMOS  |e 20001123  |h 515.4 MAL  |p 005300018482  |q 005300018482  |t BK  |y 0 
852 |a INST  |b SAMOS  |e 20001123  |h 515.4 MAL  |p 005300018483  |q 005300018483  |t BK  |y 0 
852 |a INST  |b SAMOS  |e 20001123  |h 515.4 MAL  |p 005300018484  |q 005300018484  |t BK  |y 0 
901 |a BIBL3-2000-3 
901 |a BIBL3-1997-2 
909 |a Σ  |b 079943 
909 |a Σ  |b 081350 
909 |a Σ  |b 081349 
909 |a Σ  |b 079944 
909 |a Σ  |b 079945 
909 |a Σ  |b 051570 
922 |a 3ΕΛΗ  |b 200009  |c ΤΣΑΕ  |d ΠΑΠΑΣΩΤΗΡΙΟΥ 
970 |a ΠΟΥΡΝΑΡΑΣ  |b ΔΗΜΗΤΡΗΣ  |z 2000/11/23